Chupi tiene una hermanita (Registro nro. 38194)

Detalles MARC
000 -CABECERA
Longitud fija campo de control 00938nam a2200277 i 4500
003 - IDENTIFICADOR DEL NUMERO DE CONTROL
Identificador del número de control CO-BoRNBP
005 - FECHA Y HORA DE LA ULTIMA TRANSACCION
Fecha y hora de la última transacción 20240722150436.0
007 - CAMPO FIJO DE DESCRIPCION FISICA
Campo fijo de descripción física ta
008 - CODIGOS DE INFORMACION DE LONGITUD FIJA
Códigos de información de longitud fija 240716b2017 de a|||| |||| 00| 0 spa d
020 ## - NUMERO INTERNACIONAL NORMALIZADO PARA LIBROS
Número Internacional Normalizado para Libros (ISBN) 9788424608538
040 ## - FUENTE DE LA CATALOGACION
Centro catalogador de origen CO-BoRNBP
Lengua de catalogación spa
Centro transcriptor CO-BoRNBP
Normas de descripción rda
041 1# - CODIGO DE LENGUA
Código de lengua del texto/banda sonora o título independiente Español
Código de lengua original Frances
084 ## - Clasificación Local Alfanúmerica PNLB
Número de clasificación C COU
100 ## - PUNTO DE ACCESO PRINCIPAL-NOMBRE DE PERSONA
Nombre de persona Courtin, Thierry; Courtin Sophie
Término indicativo de función autora
245 ## - TITULO PROPIAMENTE DICHO
Título Chupi tiene una hermanita
Mención de responsabilidad, etc. Texto e ilustraciones Thierry y Sophie Courtin; traducción AKA
250 ## - MENCION DE EDICION
Mención de edición Primera edición
264 ## - PRODUCCION, PUBLICACION , DISTRIBUCION, FABRICACION Y COPYRIGHT
Lugar de producción, publicación, distribución, fabricación Barcelona
Nombre del productor, editor, distribuidor, fabricante Editorial La Galera
Fecha de de producción, publicación, distribución, fabricación o copyright 2000
300 ## - DESCRIPCION FISICA
Extensión 24 páginas
Otras características físicas ilustraciones a color
Dimensiones alto 17cm ancho 16cm
336 ## - TIPO DE CONTENIDO
Fuente rdacontenido
Término de tipo de contenido texto
Código de tipo de contenido txt
337 ## - TIPO DE MEDIO
Fuente rdamedio
Nombre del tipo de medio sin mediación
Código del tipo de medio n
338 ## - TIPO DE SOPORTE
Fuente rdasoporte
Nombre del tipo de soporte volumen
Código del tipo de soporte nc
650 ## - PUNTO DE ACCESO ADICIONAL DE MATERIA - TERMINO DE MATERIA
Fuente del encabezamiento ARMARC
Término de materia o nombre geográfico como elemento inicial Cuento infantil
650 ## - PUNTO DE ACCESO ADICIONAL DE MATERIA - TERMINO DE MATERIA
Fuente del encabezamiento ARMARC
Término de materia o nombre geográfico como elemento inicial nacimiento de un hermano
650 ## - PUNTO DE ACCESO ADICIONAL DE MATERIA - TERMINO DE MATERIA
Fuente del encabezamiento ARMARC
Término de materia o nombre geográfico como elemento inicial relaciones familiares
942 ## - ENTRADA DE ELEMENTOS AGREGADOS (KOHA)
Fuente de clasificaión o esquema Dewey Decimal Classification
Koha [por defecto] tipo de item Libro Infantil
Existencias
Perdido Fuente de clasificación o esquema Estado Físico No para préstamo Forma de adquisición Localización permanente Localización actual Localización en estanterías Fecha adquisición Préstamos totales Signatura completa Código de barras Fecha última consulta Número de copia Fecha del precio de reemplazo Tipo de item de Koha
  Dewey Decimal Classification     Infantil Biblioteca Pública Guamal Biblioteca Pública Guamal Sala Infantil 07/22/2024   C COU GUA003921 07/22/2024 Ej.1 07/22/2024 Libro Infantil









Instituto Departamental de Cultura del Meta - Red Departamental de Bibliotecas Públicas del Meta.